1930 1650 1594 1494 1373 1245 1021 1586 1224 1636 1351 1078 1395 1249 1911 1134 1532 1816 1019 1363 1920 1043 1510 1253 1478 1864 1537 1094 1069 1335 1482 1820 1254 1139 1945 1665 1111 1806 1337 1356 1948 1645 1161 1417 1083 1210 1222 1580 1664 1750 1222 1474 1123 1956 1338 1276 1531 1770 1660 1923 1940 1308 1161 1638 1608 1435 1803 1164 1188 1386 1431 1811 1583 1654 1767 1985 1709 1868 1181 1697 1894 1620 1040 1622 1904 1755 1671 1297 1145 1495 1528 1619 1773 1107 1993 1743 1936 1583 1146 BCNSPRNW ULIB Ver.6.0+V

เปลี่ยนเป็นภาษาไทย

Change to English
 แสดงรายละเอียดบรรณานุกรม
  กลับหน้าหลัก

Brief Record : Get Marc (ISO 2709) : E-mail record : QR code < ปิดหน้าต่าง
LEADER : 00000nam 2200000uu 4500
001    13399113517
003     ULIB
008    111123s2553||||th 000 0 tha d
020    ^a9786167210157
090    ^aนว.^bก823พ 2553
100 0  ^aจิน่า โชวอลเตอร์
245 00 ^aเพลิงรักผลาญใจ = Savor Me Slowly/^cจิน่า โชวอลเตอร์
250    ^aพิมพ์ครั้งที่ 1
260    ^aกรุงเทพฯ :^bวรวุฒิการพิมพ์,^c2553
300    ^a336 หน้า
710 1  ^aวรวุฒิการพิมพ์
945    ^p240^l0^i028032
995    ^aทศพร
999 ^a ทศพร
รายการนี้ยังไม่มีแท็ก
คุณยังไม่ได้ล็อกอิน คุณสามารถมีกิจกรรมร่วมกับเว็บไซต์ได้ แต่ต้องล็อกอินก่อน ::
  ล็อกอิน

รายการสื่อสารสนเทศ

ลำดับที่ ประเภท เลขเรียก/บาร์โค้ด สถานที่ สถานะ
1. นวนิยาย
นวนิยาย
นว. ก823พ 2553 ฉ.1 
  Barcode: 028032
ห้องสมุดวิทยาเขตสวรรค์ประชารักษ์
►นวนิยาย
บนชั้น
  ขอยืม

BibComment


ยังไม่เคยถูกคอมเมนท์

คอมเมนท์ทรัพยากรรายการนี้
  คอมเมนท์: เพลิงรักผลาญใจ ..


 Copyright 2026. Bcnsprnw @Library